000 01650nam a2200253Ia 4500
003 Ost
005 20260507075802.0
008 260507s9999||||xx |||||||||||||| ||und||
020 _a9789947054536
040 _cfsecg
041 _aara
082 _a338.609651
100 _eمؤلف
245 0 _aالتنمية الصناعية في الجزائر :
_bبين التخطيط واقتصاد السوق /
260 _aالجزائر :
_bتديكلت للنشر والتوزيع,
_c2019
300 _a401 صفحة؛
_bإيضاحات ؛
_c29 سم
504 _aبيبليوغرافيا: ص ص.390-394
520 _aيتناول مسيرة التنمية الصناعية في الجزائر، الاستثمارات العامة في الجزائر خلال الفترة (1962-1990)، الاستثمارات الخاصة في الجزائر خلال فترة(1962-1996)، دراسة أحكام قانون الاستثمارات لسنة 1993 وتوابعه، برنامج تأهيل القطاع الصناعي الجزائري، مساهمة الصناعات الغذائية في تحقيق الأمن الغذائي بالجزائر، ترقية الميزة التنافسية للصناعات الجزائرية، إدارة الجودة الشاملة ودورها في تحقيق تنافسية المؤسسة الصناعية الجزائرية، دور الابتكار في تدعيم التنمية الصناعية في الجزائر.
653 _aالاستثمار
653 _aالصناعات
653 _aتنمية الصناعة
700 _aبن حمود، سكينة
_eمؤلف ثانوي
942 _cكتاب
999 _c46297
_d46297